| 000 | 01546nam a2200313Ia 4500 | ||
|---|---|---|---|
| 003 | OSt | ||
| 005 | 20210726135739.0 | ||
| 008 | 210310s1987 ck gr 000 0dspa d | ||
| 020 |
_a9106026 _qSerie cultura universitaria |
||
| 020 | _a9160034 | ||
| 040 |
_aCO-JMCR _cCO-JMCR |
||
| 041 | 0 | _aspa | |
| 082 | 0 | 4 |
_a332.673 / _bB238i _223 |
| 100 | 1 |
_aBarbosa Cardona, Octavio, _916439 _eautor |
|
| 245 | 1 | 3 |
_aLa inversión extranjera en Colombia : _b¿factor de desarrollo? / _cOctavio Barbosa Cardona ; prólogo, Rodolfo González García ; presentación, Isidro Parra-Peña |
| 250 | _aPrimera edición | ||
| 260 |
_a[Bogotá] : _bFondo Editorial Universidad Distrital Francisco José de Caldas, _c1987 |
||
| 300 |
_a214 páginas ; _c22 cm. |
||
| 490 | 0 | _aColección cultura universitaria | |
| 500 | _aIncluye notas a pie de página y datos biográficos del autor. | ||
| 504 | _aBibliografía: páginas [209]-214 | ||
| 505 | 0 | _aLa inversión extranjera como factor de desarrollo -- Evaluación histórica de la inversión extranjera directa -IED - actores y régimen legal -- Evaluación de la IED en Colombia como factor de desarrollo (1970-1982) -- Legislación flexible y capital extranjero adicional | |
| 650 | 1 | 4 |
_aInversiones extranjeras _916441 _zColombia |
| 650 | 2 | 4 |
_aInversiones extranjeras _xHistoria _938715 |
| 650 | 2 | 4 |
_aInversiones extranjeras _xLegislación _zColombia _938716 |
| 700 | 1 |
_aGonzález García, Rodolfo, _eprologuista _938717 |
|
| 700 | 1 |
_aParra-Peña, Isidro, _epresentador de la obra _95823 |
|
| 942 |
_2ddc _cBK |
||
| 999 |
_c8137 _d8137 |
||